Ideología y nacionalismo
محفوظ في:
| المؤلف الرئيسي: | |
|---|---|
| التنسيق: | كتاب |
| اللغة: | Undetermined |
| منشور في: |
Caracas, Venezuela
Universidad Central de Venezuela
1969
|
| الموضوعات: | |
| الوسوم: |
إضافة وسم
لا توجد وسوم, كن أول من يضع وسما على هذه التسجيلة!
|
MARC
| LEADER | 00000nam a2200000Ia 4500 | ||
|---|---|---|---|
| 008 | 170316s9999 xx 000 0 und d | ||
| 090 | |a 100 G-4.1i | ||
| 100 | |a Galello, Hugo | ||
| 245 | |a Ideología y nacionalismo | ||
| 260 | |a Caracas, Venezuela | ||
| 260 | |b Universidad Central de Venezuela | ||
| 260 | |c 1969 | ||
| 300 | |a 157 páginas | ||
| 650 | |a FILOSOFÍA | ||
| 999 | |c 16320 |d 16320 | ||
| 040 | |a cru BVZT | ||
| 942 | |c 15 D |h 100 G-4.1i |2 z | ||
